Maktub (Record no. 136232)

MARC details
000 -LEADER
fixed length control field 00423nam a22001817a 4500
003 - CONTROL NUMBER IDENTIFIER
control field OSt
005 - DATE AND TIME OF LATEST TRANSACTION
control field 20240819154501.0
008 - FIXED-LENGTH DATA ELEMENTS--GENERAL INFORMATION
fixed length control field 240819b |||||||| |||| 00| 0 eng d
020 ## - INTERNATIONAL STANDARD BOOK NUMBER
International Standard Book Number 9789357328845
040 ## - CATALOGING SOURCE
Transcribing agency SBCL
082 ## - DEWEY DECIMAL CLASSIFICATION NUMBER
Classification number 100
Item number PRA-M
100 ## - MAIN ENTRY--PERSONAL NAME
Personal name Coelho,Paulo
245 ## - TITLE STATEMENT
Title Maktub
260 ## - PUBLICATION, DISTRIBUTION, ETC.
Place of publication, distribution, etc. DC Kizhakemuri Edam
Name of publisher, distributor, etc. DC Books
Date of publication, distribution, etc. 2024
300 ## - PHYSICAL DESCRIPTION
Extent 205p.
942 ## - ADDED ENTRY ELEMENTS (KOHA)
Koha item type BOOK
650 ## - SUBJECT ADDED ENTRY--TOPICAL TERM
Source of heading or term Philosophy & psychology

No items available.

Powered by Koha